A Mediterranean feast : the story of the birth of the celebrated cuisines of the Mediterranean, from the merchants of Venice to the barbary corsairs (Record no. 357604)

MARC details
000 -LEADER
fixed length control field 00597nam a2200169Ia 4500
008 - FIXED-LENGTH DATA ELEMENTS--GENERAL INFORMATION
fixed length control field 191130s1999##################000#0#eng##
020 ## - INTERNATIONAL STANDARD BOOK NUMBER
International Standard Book Number 9780688153052
040 ## - CATALOGING SOURCE
Original cataloging agency ACL
Transcribing agency ACL
082 ## - DEWEY DECIMAL CLASSIFICATION NUMBER
Classification number 641.013091822 WRI
100 ## - MAIN ENTRY--PERSONAL NAME
Personal name Wright, Clifford A
245 ## - TITLE STATEMENT
Title A Mediterranean feast : the story of the birth of the celebrated cuisines of the Mediterranean, from the merchants of Venice to the barbary corsairs
Statement of responsibility, etc. Clifford A Wright
260 ## - PUBLICATION, DISTRIBUTION, ETC.
Place of publication, distribution, etc. New York
Name of publisher, distributor, etc. William Morrow
Date of publication, distribution, etc. 1999
300 ## - PHYSICAL DESCRIPTION
Extent xxiv, 815 p. ; 27 cm
990 ## - EQUIVALENCES OR CROSS-REFERENCES [LOCAL, CANADA]
Link information for 9XX fields 58c2fa5fac10000c2652363c23297849
991 ## -
-- 301220

No items available.

Find us on the map